| 000 | 00572nam a2200181 i 4500 | ||
|---|---|---|---|
| 001 | 70801 | ||
| 003 | ES-MaACL | ||
| 007 | t| | ||
| 008 | 040803s1975 sp ||||1| spa d | ||
| 100 | 0 |
_aGarrido Chamorro, Manuel, _d1923-1990 _955691 |
|
| 245 | 1 | 0 |
_aEn mi jardín soñado _b: poemas 1940-1974 / _cManuel Garrido Chamorro. |
| 260 |
_a[Madrid : _bs.n., _c1975] ( _fGrafinter) |
||
| 300 |
_a142 p. ; _c21 cm. |
||
| 852 |
_aES-MaACL _jE-6889 _bR.91389 |
||
| 852 |
_aES-MaACL _jE-6890 _bR.91388 |
||
| 852 |
_aES-MaACL _jE-7110 _bR.91387 |
||
| 999 |
_c70801 _d70801 |
||